000 00457nam a2200193Ia 4500
005 20240823052252.0
008 240823s9999||||xx |||||||||||||| ||und||
020 _a978-93-81568-61-3
041 _aENGLISH
082 _A621.4021 Q2
100 _aNatarajan E
245 0 _aEngineering Thermodynamics
250 _a1st
260 _c2012
_bAnuragam Publica
500 _aYES
650 _aThermodynamics
_bMechanical
942 _cBK
999 _c221472
_d221472